| 000 | 01616nac a22003371u 4500 | ||
|---|---|---|---|
| 003 | EG-ScBUE | ||
| 005 | 20220210141736.0 | ||
| 008 | 200219s1974 maua f 000 0deng d | ||
| 020 | _a039517225X | ||
| 040 |
_aEG-ScBUE _beng _erda _cEG-ScBUE _dEG-ScBUE |
||
| 041 | 1 |
_aeng _hger |
|
| 082 | 0 | 4 |
_a831.912 _bMOR _222 |
| 100 | 1 |
_aMorgenstern, Christian, _d1871-1914, _eauthor. |
|
| 245 | 1 | 4 |
_aThe daynight lamp and other poems / _cChristian Morgenstern ; translated, with an introduction, by Max Knight ; With twenty lithographs by H. A. Rey. |
| 264 | 1 |
_aBoston : _bHoughton Mifflin Company, _c1974. |
|
| 300 |
_axi, 65 pages : _billustrations ; _c27 cm |
||
| 336 |
_2rdacontent _atext _btxt |
||
| 337 |
_2rdamedia _aunmediated _bn |
||
| 338 |
_2rdacarrier _avolume _bnc |
||
| 505 | 0 | _aThe daynight lamp.--The does' prayer.--Palmstroem.--The moonsheep.--Book-bound Korf.--The nosobame.--Palmstroem: foam-begotten Aphrodite.--The sniffle.--The east coat.--The test.--Palmstroem in animal costume 1.--Palmstroem in animal costume 2.--The hanky ghost.--The confirmed health sleep.--The hystrix.--The liondeer.--The nag.--The pike.--The wentall.--The twee. | |
| 546 | _aText in English ; translated from Germany language. | ||
| 600 | 1 | 7 |
_aMorgenstern, Christian, _d1871-1914 _xTranslations into English. _2BUEsh |
| 650 | _2BUEsh | ||
| 651 | _2BUEsh | ||
| 653 |
_bHHUUEENN _cFebruary2022 |
||
| 655 |
_vReading book _934232 |
||
| 700 | 1 |
_aKnight, Max, _etranslator. |
|
| 700 | 1 |
_aRey, H. A. _q(Hans Augusto), _d1898-1977, _eAuthor of introduction, etc. |
|
| 942 |
_cBB _2ddc |
||
| 999 |
_c2985 _d2985 |
||